000 00970cam a22002531 4500
001 gs 47000239
003 DLC
005 20260227111352.0
008 891018s1946 ag abf 000 0 spa
010 _ags 47000239
035 _a(OCoLC)20507607
040 _aDLC
_cCU
_dCU
_dDLC
042 _apremarc
050 0 0 _aQE231
_b.A3 no. 60
051 _aTN806.A7
_bH4
_cCopy 2.
100 1 _aHeim, Arnold,
_d1882-1965.
245 1 3 _aEl carbón de la mina "La Negra," Villa Unión, La Rioja y su posición tectónica,
_cpor Arnold Heim ...
260 _aBuenos Aires,
_c1946.
300 _a19 p.
_billus. (map, profiles) IV pl.
_c27 cm.
410 1 0 _aArgentina.
_bDirección General de Minas y Geología.
_tBoletín
_vno. 60
500 _aAt head of title: República argentina. Secretaría de industria y comercio. Dirección de minas, geología ...
650 0 _aCoal mines and mining
_zArgentina
_zLa Rioja (Province)
650 0 _aGeology
_zArgentina
_zLa Rioja (Province)
999 _c28180
_d28180